000 01240nam a22003495a 4500
999 _c8986
_d8986
003 EG-ScBUE
005 20200226112413.0
008 150823r20062005enka f b 000 0 eng d
020 _a1859647464
020 _a9781859647462
040 _aEG-ScBUE
_beng
_erda
_cEG-ScBUE
_dEG-ScBUE
082 0 4 _a808.0428
_bMCC
_222
100 1 _aMccormack, Joan,
_eauthor.
_937571
245 1 0 _aEnglish for academic study :
_bextended writing & research skills.
_pCourse book /
_cJoan McCormack and John Slaght.
246 3 _aEnglish for academic study :
_bextended writing and research skills.
246 3 0 _aCourse book
250 _aReprinted edition.
264 1 _aReading, UK :
_bGarnet Publishing,
_c2006.
300 _a137 pages :
_billustrations ;
_c30 cm
336 _2rdacontent
_atext
_btxt
337 _2rdamedia
_aunmediated
_bn
338 _2rdacarrier
_avolume
_bnc
500 _aIncludes appendices.
504 _aIncludes bibliographical references.
590 _aMohamed Hussein
650 7 _aEnglish language
_xRhetoric.
_2BUEsh
650 7 _aAcademic writing.
_2BUEsh
653 _cAugust2015
_bHHUUEENN
655 _vReading book
_934232
700 1 _aSlaght, John,
_eauthor.
_937567
942 _k808.042MCC
_2ddc
_cBB